LEADER 03159nam0 22006133i 450 001 SBL0170092 005 20251003044350.0 020 $aIT$b78-4378 020 $aIT$b799687 100 $a19910930d1979 ||||0itac50 ba 101 | $aita 102 $ait 181 1$6z01$ai $bxxxe 182 1$6z01$an 200 1 $aSindacati e contrattazione collettiva in Italia nel 1976-77$fa cura di Lauralba Bellardi, Giorgio Nardinocchi ed Elena Pisani$gprefazione di Piero Boni 210 $aMilano$cF. Angeli$dİ1979 215 $a331 p.$d22 cm 225 | $aCollana di cultura sindacale$v13 300 $aIn testa al front.: Fondazione Giacomo Brodolini. 314 $aSC/CFI 09/06/97 SC/CFI 09/06/97 $9CFIV005602 410 0$1001LO10030084$12001 $aCollana di cultura sindacale$v13 606 $aSindacati$xItalia$x1976-1977$2FIR$3SBLC042973$9I 606 $aContratti collettivi$xItalia$x1976-1977$2FIR$3SBLC042974$9I 676 $a331.880945$9SINDACATI. Italia$v20 676 $a331.880945$9SINDACATI. Italia$v23 676 $a331.89094509047$9$v20 686 $aIT/4436.0$cLAVORO SINDACATI DEI LAVORATORI ITALIA 1968-1989$2R 686 $aIT/4436.8$cORGANIZZAZIONI SINDACALI E ALTRE ITALIA 1968-1989$2R 696 $aAssociazioni sindacali$aOrganizzazioni sindacali$aOrganizzazione sindacale 696 $aAccordi collettivi$aContratti collettivi d'impiego$aRapporti collettivi di lavoro$aContratti collettivi di lavoro$aAccordi collettivi di lavoro 699 $aSindacati$yAssociazioni sindacali 699 $aSindacati$yOrganizzazioni sindacali 699 $aSindacati$zOrganizzazione sindacale 699 $aContratti collettivi$yAccordi collettivi 699 $aContratti collettivi$zContratti collettivi d'impiego 699 $aContratti collettivi$yRapporti collettivi di lavoro 699 $aContratti collettivi$yContratti collettivi di lavoro 699 $aContratti collettivi$yAccordi collettivi di lavoro 702 1$aPisani$b, Elena$f <1940- >$3CFIV018806 702 1$aBoni$b, Piero$f <1920-2009>$3CFIV040988 702 1$aBellardi$b, Lauralba$3CFIV060276 702 1$aNardinocchi$b, Giorgio$3SBLV099094 712 02$aFondazione Giacomo Brodolini$3CFIV005602 791 02$aFondazione Brodolini$3CFIV162207$zFondazione Giacomo Brodolini 791 02$aFondazione Brodolini$3CFIV162207$zFondazione Giacomo Brodolini 801 3$aIT$bIT-000000$c19910930 850 $aIT-BN0095 $aIT-NA0079 901 $bNAP BN$cMAGAZZINO $nmagazzini correnti divisi per anni 901 $bNAP 01$cPOZZO LIB.$nVi sono collocati fondi di economia, periodici di ingegneria e scienze, periodici di economia e statistica e altri fondi comprendenti documenti di economia pervenuti in dono. 912 $aSBL0170092 950 0$aBiblioteca Centralizzata di Ateneo$c1 v.$d 01POZZO LIB.F. SANTI 566$e 0101 0060034515E VMA 1 v. (Precedente collocazione S 681)$fB $h20221114$i20221114 977 $a 01$a BN 996 $aSindacati e contrattazione collettiva in Italia nel 1976-77$9614960 997 $aUNISANNIO